[Event "Int. Stuttgarter Stadtmeisterschaft C"]
[Site "Ditzingen"]
[Date "2018.05.12"]
[Round "5.10"]
[White "Izquierdo, Antonio"]
[Black "Hackenberg, Julian"]
[Result "1/2-1/2"]
[WhiteElo "1486"]
[BlackElo "1196"]
[PlyCount "64"]
[EventDate "2018.??.??"]
[WhiteTeam "TSF Ditzingen"]
[BlackTeam "SC Magstadt"]

1. e4 e5 2. Bc4 Bc5 3. Nf3 Nc6 4. d3 Nf6 5. Bg5 h6 6. Bh4 d6 7. h3 Qe7 8. Nc3
Bb4 9. O-O Bxc3 10. bxc3 Be6 11. Bb5 O-O 12. d4 exd4 13. cxd4 Nd8 14. e5 dxe5
15. dxe5 Qc5 16. exf6 Qxb5 17. fxg7 Kxg7 18. Qd4+ f6 19. Qf4 Rf7 20. Rfe1 Qf5
21. Qxf5 Bxf5 22. Nd4 Bd7 23. Re3 Nc6 24. Ne6+ Bxe6 25. Rxe6 Raf8 26. c3 Re7
27. Rae1 Rxe6 28. Rxe6 Rf7 29. f4 a6 30. g4 Kg6 31. Kg2 Nd8 32. Re8 Nc6 1/2-1/2

[Event "Int. Stuttgarter Stadtmeisterschaft C"]
[Site "Ditzingen"]
[Date "2018.05.12"]
[Round "5.11"]
[White "Hilger, Herbert"]
[Black "Schmidt, Victor"]
[Result "1-0"]
[WhiteElo "1207"]
[BlackElo "1394"]
[PlyCount "73"]
[EventDate "2018.??.??"]
[WhiteTeam "SV Stuttgart-Wolfbusch"]
[BlackTeam "SK Gerlingen"]

1. e4 e5 2. Nf3 Nc6 3. Bb5 d6 4. O-O Bd7 5. c3 Nf6 6. Re1 Be7 7. d4 exd4 8.
cxd4 O-O 9. Nc3 a6 10. Ba4 b5 11. Bc2 Nb4 12. Bb1 c5 13. dxc5 dxc5 14. a3 Nc6
15. Bg5 h6 16. Be3 Qc7 17. Nd5 Nxd5 18. exd5 Nb8 19. Qd3 f5 20. Ba2 Bd6 21. Bf4
c4 22. Bxd6 Qxd6 23. Qd4 f4 24. h3 Qg6 25. Kf1 Qf7 26. Ne5 Qe8 27. f3 Qd8 28.
Bb1 Bf5 29. Bxf5 Rxf5 30. Rad1 Rf8 31. Ng6 Rf6 32. Nxf4 Qd6 33. Re4 Nd7 34. Ne6
Nf8 35. Rg4 Nxe6 36. Qxf6 Qd7 37. Qxe6+ 1-0

[Event "Int. Stuttgarter Stadtmeisterschaft C"]
[Site "Ditzingen"]
[Date "2018.05.12"]
[Round "5.12"]
[White "Erhardt, Daniel"]
[Black "Schmid, Aaron"]
[Result "1-0"]
[WhiteElo "1135"]
[BlackElo "1308"]
[PlyCount "57"]
[EventDate "2018.??.??"]
[WhiteTeam "Schach-Kids Bernhausen"]
[BlackTeam "Zürich Chess4Kids"]

1. e4 c5 2. c4 Nc6 3. g3 d6 4. Bg2 Nf6 5. d3 g6 6. Nc3 Bg7 7. Nge2 O-O 8. O-O
Bd7 9. f4 e6 10. e5 dxe5 11. fxe5 Nxe5 12. Bxb7 Rb8 13. Bg2 Bc6 14. Bf4 Bxg2
15. Kxg2 Neg4 16. h3 e5 17. Bg5 Nh6 18. Nd5 Nf5 19. g4 h6 20. Nxf6+ Bxf6 21.
Bxf6 Qxf6 22. gxf5 Rxb2 23. fxg6 Qxg6+ 24. Kh1 Rd8 25. Rg1 Qxg1+ 26. Qxg1+ Kf8
27. Qxc5+ Kg8 28. Rg1+ Kh7 29. Qxe5 1-0

[Event "Int. Stuttgarter Stadtmeisterschaft C"]
[Site "Ditzingen"]
[Date "2018.05.12"]
[Round "5.13"]
[White "Al Khalaf, Mohamad"]
[Black "Dörr, Florian"]
[Result "1-0"]
[WhiteElo "1233"]
[BlackElo "972"]
[PlyCount "85"]
[EventDate "2018.??.??"]
[WhiteTeam "SV Backnang"]
[BlackTeam "SC Ostfildern"]

1. d4 Nf6 2. Nf3 g6 3. e3 Bg7 4. Bd3 c5 5. c4 b5 6. cxb5 a6 7. bxa6 Nxa6 8. Nc3
O-O 9. Bd2 Nb4 10. Bc4 d5 11. a3 dxc4 12. axb4 Rxa1 13. Qxa1 cxb4 14. Nd1 Qb6
15. Qa4 Bd7 16. Qxb4 Qxb4 17. Bxb4 Nd5 18. Ba3 Re8 19. O-O Bb5 20. Nc3 Bc6 21.
Rc1 f6 22. Nd2 Nb6 23. Bc5 Nd7 24. Nxc4 e5 25. Ra1 Rb8 26. Bd6 Ra8 27. Rxa8+
Bxa8 28. b4 Kf7 29. dxe5 fxe5 30. Nb5 Be4 31. Nc7 Bf6 32. b5 Be7 33. f3 Bd3 34.
Nxe5+ Nxe5 35. Bxe5 Bc5 36. Bd4 Bxd4 37. exd4 Ke7 38. b6 Kd7 39. d5 h5 40. h4
Bf5 41. Nb5 Bd3 42. Nc3 Ba6 43. g4 1-0

[Event "Int. Stuttgarter Stadtmeisterschaft C"]
[Site "Ditzingen"]
[Date "2018.05.12"]
[Round "5.14"]
[White "Ropertz, Benjamin"]
[Black "Hoffmann, Simon"]
[Result "1/2-1/2"]
[WhiteElo "1027"]
[BlackElo "1232"]
[PlyCount "90"]
[EventDate "2018.??.??"]
[WhiteTeam "TSF Ditzingen"]
[BlackTeam "Schach-Kids Bernhausen"]

1. e4 c5 2. Nf3 d6 3. h3 Nf6 4. Nc3 g6 5. Bc4 Bg7 6. O-O O-O 7. d3 Nc6 8. a3 a5
9. Bf4 b6 10. Nd5 Nxd5 11. Bxd5 Bb7 12. c3 e6 13. Bb3 d5 14. e5 f6 15. Re1 Qc7
16. exf6 Qxf4 17. fxg7 Rf6 18. Qd2 Qxd2 19. Nxd2 Kxg7 20. Nf3 a4 21. Ba2 b5 22.
Ne5 Nxe5 23. Rxe5 Rc8 24. Rae1 Rc6 25. h4 h5 26. f3 Bc8 27. Kf2 Rf4 28. g3 Rf5
29. Kg2 Kf6 30. Rxf5+ gxf5 31. f4 d4 32. Re5 dxc3 33. bxc3 Ba6 34. Kf2 b4 35.
axb4 cxb4 36. c4 b3 37. Bb1 a3 38. Ra5 a2 39. Bxa2 bxa2 40. Rxa2 Rd6 41. Ke3 e5
42. fxe5+ Kxe5 43. Ra5+ Kf6 44. Kf4 Bc8 45. Ke3 Re6+ 1/2-1/2

[Event "Int. Stuttgarter Stadtmeisterschaft C"]
[Site "Ditzingen"]
[Date "2018.05.12"]
[Round "5.15"]
[White "Wolff, Calvin"]
[Black "Hoffmann, Julian"]
[Result "1-0"]
[WhiteElo "975"]
[BlackElo "1219"]
[PlyCount "107"]
[EventDate "2018.??.??"]
[WhiteTeam "Heilbronner SV"]
[BlackTeam "Schach-Kids Bernhausen"]

1. e4 c5 2. Nf3 d6 3. d4 cxd4 4. Nxd4 Nf6 5. Nc3 g6 6. Bc4 Bg7 7. Be3 e5 8. Nf3
a6 9. a3 b5 10. Ba2 Bb7 11. Nd5 Nbd7 12. Qd2 Nxe4 13. Qb4 Rc8 14. Qxe4 f5 15.
Qb4 Nc5 16. Bg5 Qd7 17. Nb6 Qc7 18. Nxc8 Qxc8 19. Qd2 Ne4 20. Qe3 Qxc2 21. O-O
Qc6 22. Rac1 Qd7 23. Qb6 Nxg5 24. Nxg5 Ba8 25. Bf7+ Kf8 26. Qb8+ Ke7 27. Qc7
Qxc7 28. Rxc7+ Kf6 29. Nf3 e4 30. Nd2 Kg5 31. Rd7 Bxb2 32. Rxd6 Bxa3 33. Rxa6
b4 34. Rb1 Rc8 35. Be6 Rc2 36. Nc4 Bc1 37. Rxa8 Bd2 38. g3 h5 39. Nxd2 Rxd2 40.
Rxb4 Rd1+ 41. Kg2 f4 42. Rb5+ Kf6 43. gxf4 Kxe6 44. Ra6+ Kd7 45. Rb7+ Ke8 46.
Ra8+ Rd8 47. Rxd8+ Kxd8 48. Kf1 Kc8 49. Rh7 h4 50. Rxh4 Kd7 51. Rg4 Ke6 52.
Rxg6+ Kf5 53. Rg5+ Kxf4 54. h4 1-0

[Event "Int. Stuttgarter Stadtmeisterschaft C"]
[Site "Ditzingen"]
[Date "2018.05.12"]
[Round "5.16"]
[White "Jünk, Stefan"]
[Black "Acar, Lukas"]
[Result "0-1"]
[WhiteElo "1621"]
[BlackElo "1079"]
[PlyCount "54"]
[EventDate "2018.??.??"]
[WhiteTeam "SC Leinzell"]
[BlackTeam "SF Birkenfeld"]

1. e4 c6 2. d4 d5 3. Nc3 g6 4. e5 Bf5 5. g4 Bd7 6. f4 Bg7 7. Qe2 Qb6 8. h4 Nh6
9. Bh3 Na6 10. Qd1 O-O-O 11. Kf2 f6 12. g5 Bxh3 13. gxh6 Bxh6 14. Rxh3 fxe5 15.
fxe5 Rhf8+ 16. Kg2 Bxc1 17. Rxc1 Rf4 18. Nf3 Rdf8 19. Ne2 R4f5 20. c3 h6 21.
Rc2 g5 22. hxg5 hxg5 23. Rg3 g4 24. Nh2 c5 25. Rxg4 Rf2+ 26. Kg3 Qh6 27. Nf1
R8f3# 0-1

[Event "Int. Stuttgarter Stadtmeisterschaft C"]
[Site "Ditzingen"]
[Date "2018.05.12"]
[Round "5.17"]
[White "Maier, Manuel"]
[Black "Esser, Milan"]
[Result "0-1"]
[WhiteElo "1362"]
[BlackElo "974"]
[PlyCount "68"]
[EventDate "2018.??.??"]
[WhiteTeam "SV Reutlingen"]
[BlackTeam "SV Dettingen Erms"]

1. e4 c6 2. Nc3 d5 3. Nf3 Bg4 4. h3 Bxf3 5. Qxf3 e6 6. d3 Nd7 7. Bf4 Be7 8. Qg3
g6 9. Be2 Bh4 10. Qf3 Bg5 11. O-O Bxf4 12. Qxf4 e5 13. Qg3 d4 14. Nd1 Qe7 15.
f4 Ngf6 16. fxe5 Nxe5 17. Qg5 Nfd7 18. Qxe7+ Kxe7 19. Nf2 h5 20. c3 c5 21. Rae1
Raf8 22. cxd4 cxd4 23. Rc1 Nc6 24. h4 Nde5 25. Nh3 Rc8 26. a3 Na5 27. Rxc8 Rxc8
28. Nf4 Rc2 29. Nd5+ Kd6 30. Rf6+ Kd7 31. Rf2 Rc1+ 32. Kh2 Rc2 33. Bg4+ Nxg4+
34. Kg3 Rxf2 0-1

[Event "Int. Stuttgarter Stadtmeisterschaft C"]
[Site "Ditzingen"]
[Date "2018.05.12"]
[Round "5.18"]
[White "Tzavidas, Nikolaos"]
[Black "Schmidt, Julian"]
[Result "1-0"]
[WhiteElo "1349"]
[BlackElo "1005"]
[PlyCount "67"]
[EventDate "2018.??.??"]
[WhiteTeam "SC Winnenden"]
[BlackTeam "SF Birkenfeld"]

1. e4 e5 2. Nf3 Nc6 3. Bc4 Bc5 4. c3 Nf6 5. d4 exd4 6. cxd4 Bb4+ 7. Bd2 Bxd2+
8. Nbxd2 d5 9. exd5 Qe7+ 10. Qe2 Qxe2+ 11. Kxe2 Nb4 12. Rhe1 Nbxd5 13. Kf1+ Be6
14. Ng5 O-O-O 15. Nxe6 fxe6 16. Rxe6 Rhe8 17. Rae1 Rxe6 18. Rxe6 Nb6 19. Bb3
Rxd4 20. Nf3 Rd8 21. Re7 Rd7 22. Be6 Kd8 23. Rxd7+ Nbxd7 24. Bc4 a6 25. Ng5 Nc5
26. b4 Nce4 27. Ne6+ Ke7 28. Ke2 g6 29. Nxc7 Kd6 30. Ne6 Kc6 31. Nd4+ Kd6 32.
f3 Ke5 33. Ke3 Nd6 34. f4# 1-0

[Event "Int. Stuttgarter Stadtmeisterschaft C"]
[Site "Ditzingen"]
[Date "2018.05.12"]
[Round "5.19"]
[White "Winterkorn, Nikolaus"]
[Black "Krause, Benjamin"]
[Result "1-0"]
[WhiteElo "1335"]
[BlackElo "853"]
[PlyCount "49"]
[EventDate "2018.??.??"]
[WhiteTeam "DJK Sportbund Stgt."]
[BlackTeam "SV Stuttgart-Wolfbusch"]

1. Nf3 d5 2. d4 Nf6 3. Nc3 Nc6 4. Bf4 a6 5. h3 e6 6. a3 Bd6 7. Bg5 h6 8. Bxf6
Qxf6 9. e3 Bd7 10. Bd3 O-O-O 11. Ne2 e5 12. dxe5 Bxe5 13. c3 Bf5 14. O-O Bxd3
15. Qxd3 Rd7 16. b4 b5 17. a4 bxa4 18. Rxa4 Nb8 19. Rb1 Rd6 20. b5 axb5 21.
Rxb5 Ra6 22. Rxb8+ Kxb8 23. Rxa6 Qd8 24. Qb5+ Kc8 25. Ra8# 1-0

[Event "Int. Stuttgarter Stadtmeisterschaft C"]
[Site "Ditzingen"]
[Date "2018.05.12"]
[Round "5.20"]
[White "Banai, Nilofar"]
[Black "Reichardt, Felix Alexander"]
[Result "1-0"]
[WhiteElo "1136"]
[BlackElo "1318"]
[PlyCount "147"]
[EventDate "2018.??.??"]
[WhiteTeam "Heilbronner SV"]
[BlackTeam "SF Markgräflerland"]

1. e4 e6 2. Nf3 c5 3. d3 Nc6 4. Nc3 Nf6 5. h3 g6 6. Be2 Bg7 7. O-O O-O 8. a3
Re8 9. Re1 b6 10. Rb1 Bb7 11. Bg5 Qc7 12. Bh4 Ne7 13. Bg3 Qc8 14. Nb5 Rf8 15.
Nd6 Qc6 16. Nxb7 Qxb7 17. Ne5 Nc6 18. Nxc6 Qxc6 19. Bf3 d5 20. exd5 exd5 21.
Qd2 Rfd8 22. Qf4 Qd7 23. Kf1 d4 24. Qc7 Qxc7 25. Bxc7 Rd7 26. Bg3 Bh6 27. Re2
Re8 28. Rxe8+ Nxe8 29. Re1 Nf6 30. b3 Rd8 31. Re7 Rd7 32. Rxd7 Nxd7 33. a4 Bg7
34. Bc6 Ne5 35. Bxe5 Bxe5 36. Ke2 f5 37. Kf3 Kg7 38. Bd5 a5 39. g3 Kf6 40. h4
h5 41. Kg2 g5 42. hxg5+ Kxg5 43. f4+ Bxf4 44. gxf4+ Kxf4 45. Kh3 Kg5 46. Bf3 h4
47. Bd5 Kh5 48. Be6 Kg5 49. Bd5 f4 50. Be4 Kh5 51. Bf3+ Kg5 52. Bg4 f3 53. Bxf3
Kf4 54. Bd5 Ke3 55. Kxh4 Kd2 56. Bc4 Kxc2 57. Kg4 Kc3 58. Kf5 Kb4 59. Ke5 Ka3
60. Kd5 Kb4 61. Kc6 Kc3 62. Kxb6 Kb4 63. Ka6 Kc3 64. Kxa5 Kd2 65. Kb5 Kc3 66.
Kxc5 Kd2 67. a5 Kc3 68. a6 Kb2 69. a7 Kc3 70. a8=Q Kc2 71. Kb4 Kb2 72. Qg2+ Ka1
73. Ka3 Kb1 74. Qb2# 1-0

[Event "Int. Stuttgarter Stadtmeisterschaft C"]
[Site "Ditzingen"]
[Date "2018.05.12"]
[Round "6.2"]
[White "Dietrich, Malte"]
[Black "Arvai, Marton"]
[Result "0-1"]
[WhiteElo "1419"]
[BlackElo "1418"]
[PlyCount "90"]
[EventDate "2018.??.??"]
[WhiteTeam "Rochade Metzingen"]
[BlackTeam "TSV Münchingen"]

1. d4 Nf6 2. c4 e5 3. dxe5 Ng4 4. e3 Nxe5 5. Nf3 Nbc6 6. Nxe5 Nxe5 7. f4 Nc6 8.
Bd2 Bc5 9. Nc3 O-O 10. a3 Re8 11. Qc1 Nd4 12. Qd1 Nf5 13. Nd5 Bxe3 14. Nxe3
Nxe3 15. Bxe3 Rxe3+ 16. Kf2 Qe7 17. Qd2 Re6 18. Bd3 Qc5+ 19. Kg3 Qe3+ 20. Qxe3
Rxe3+ 21. Kh4 Rxd3 22. Rhe1 Kf8 23. Re2 Rd6 24. f5 Rh6+ 25. Kg4 d6 26. Rae1 Bd7
27. h4 Rf6 28. Rf2 g6 29. Kg5 Rxf5+ 30. Rxf5 Bxf5 31. Kh6 Re8 32. Rg1 Re4 33.
g3 Rxc4 34. b3 Re4 35. b4 d5 36. b5 d4 37. Rc1 Re7 38. Kg5 d3 39. g4 Be6 40.
Rd1 Rd7 41. a4 Rd4 42. Kf6 Bxg4 43. Rc1 Rd5 44. Rf1 d2 45. b6 d1=Q 0-1

[Event "Int. Stuttgarter Stadtmeisterschaft C"]
[Site "Ditzingen"]
[Date "2018.05.12"]
[Round "6.3"]
[White "Weisensel, Wolfgang"]
[Black "Meißner, Ole"]
[Result "0-1"]
[WhiteElo "1685"]
[BlackElo "1298"]
[PlyCount "34"]
[EventDate "2018.??.??"]
[WhiteTeam "Stuttgarter SF"]
[BlackTeam "SK Bietigheim-Bissingen"]

1. d4 d5 2. Nf3 c5 3. e3 Nc6 4. Be2 Nf6 5. c3 Bf5 6. O-O e6 7. Nbd2 Bd6 8. b3
O-O 9. Bb2 Rc8 10. Rc1 Qe7 11. Re1 Rfe8 12. h3 h6 13. Nf1 Ne4 14. a4 Qf6 15.
Ba3 Bxh3 16. gxh3 Qg6+ 17. Ng3 Bxg3 0-1

[Event "Int. Stuttgarter Stadtmeisterschaft C"]
[Site "Ditzingen"]
[Date "2018.05.12"]
[Round "6.4"]
[White "Eid, Sami"]
[Black "Jüttner, Mark"]
[Result "0-1"]
[WhiteElo "1034"]
[BlackElo "1472"]
[PlyCount "80"]
[EventDate "2018.??.??"]
[WhiteTeam "SF Freiberg"]
[BlackTeam "SpVgg Rommelshausen"]

1. e4 e6 2. d4 d5 3. exd5 exd5 4. Nc3 Nf6 5. Nf3 Bb4 6. Bg5 O-O 7. Bd3 Re8+ 8.
Be2 Bg4 9. O-O Bxc3 10. bxc3 Qd6 11. Qd3 Ne4 12. Rfe1 Nd7 13. Be3 Qf6 14. c4
dxc4 15. Qxc4 Nb6 16. Qxc7 Nd5 17. Qxb7 Ndc3 18. Qa6 Nxe2+ 19. Qxe2 Nc3 20. Qd3
Bxf3 21. gxf3 Rac8 22. Bd2 Nd5 23. Rxe8+ Rxe8 24. Qb5 Nc7 25. Qb7 Qxd4 26. Rd1
Qc5 27. Be3 Qe7 28. Qxa7 h6 29. Bb6 Qe2 30. Rd7 Qxf3 31. Ba5 Qg4+ 32. Kf1 Qxd7
33. Qxc7 Qh3+ 34. Kg1 Re6 35. Qd8+ Kh7 36. f4 Rg6+ 37. Kf2 Rg2+ 38. Ke1 Qe3+
39. Kd1 Qe2+ 40. Kc1 Qxc2# 0-1

[Event "Int. Stuttgarter Stadtmeisterschaft C"]
[Site "Ditzingen"]
[Date "2018.05.12"]
[Round "6.5"]
[White "Wolff, Calvin"]
[Black "Rappazzo, Johannes"]
[Result "0-1"]
[WhiteElo "975"]
[BlackElo "1494"]
[PlyCount "67"]
[EventDate "2018.??.??"]
[WhiteTeam "Heilbronner SV"]
[BlackTeam "Zürich Chess4Kids"]

1. e4 e5 2. Nf3 Nc6 3. Bc4 Nf6 4. d3 Bc5 5. Nc3 d6 6. Bg5 Bg4 7. h3 Bh5 8. Nd5
h6 9. Bxf6 gxf6 10. c3 Na5 11. Bb5+ c6 12. Ba4 b5 13. Bc2 cxd5 14. b4 Bb6 15.
bxa5 Bxa5 16. O-O Bxc3 17. Rb1 b4 18. exd5 Qd7 19. Rb3 Ke7 20. a3 Rhg8 21. Qc1
Qxh3 22. Ng5 Qg4 23. f4 Bd4+ 24. Kh1 Qh4+ 25. Nh3 Qg3 26. Rg1 Bxg1 27. Qxg1 Bf3
28. fxe5 Qxh3+ 29. Qh2 Bxg2+ 30. Kg1 Bf3+ 31. Kf2 Qxh2+ 32. Kxf3 Rg3+ 33. Ke4
Qxc2 34. Rb2 0-1

[Event "Int. Stuttgarter Stadtmeisterschaft C"]
[Site "Ditzingen"]
[Date "2018.05.12"]
[Round "6.6"]
[White "Herrmann, David"]
[Black "Hilger, Herbert"]
[Result "1-0"]
[WhiteElo "1335"]
[BlackElo "1207"]
[PlyCount "41"]
[EventDate "2018.??.??"]
[WhiteTeam "SV Weil der Stadt"]
[BlackTeam "SV Stuttgart-Wolfbusch"]

1. d4 d5 2. c4 e6 3. Nf3 Nf6 4. Bg5 Be7 5. Nc3 O-O 6. e3 b6 7. Be2 Bb7 8. O-O
Nbd7 9. Rc1 Rc8 10. Bf4 Nh5 11. Be5 f6 12. Bg3 Nxg3 13. fxg3 c6 14. cxd5 exd5
15. Nh4 Nb8 16. Nf5 Ba6 17. Bxa6 Nxa6 18. Qb3 Nc7 19. Qa4 Qd7 20. Qxc6 Qd8 21.
Nxd5 1-0

[Event "Int. Stuttgarter Stadtmeisterschaft C"]
[Site "Ditzingen"]
[Date "2018.05.12"]
[Round "6.7"]
[White "Kandler, Christoph"]
[Black "Stecher, Oliver"]
[Result "1/2-1/2"]
[WhiteElo "1557"]
[BlackElo "1181"]
[PlyCount "51"]
[EventDate "2018.??.??"]
[WhiteTeam "SF Nabern"]
[BlackTeam "SSV Zuffenhausen"]

1. e4 e5 2. Nf3 Nc6 3. Bc4 Nf6 4. d3 d6 5. Ng5 d5 6. exd5 Nxd5 7. Qf3 Be6 8.
Nxe6 fxe6 9. Bd2 Qd7 10. a3 O-O-O 11. Nc3 Nd4 12. Qd1 Be7 13. Ne4 h6 14. c3 Nf5
15. Qb3 Qc6 16. a4 Nd6 17. Bb5 Nxb5 18. axb5 Qb6 19. c4 Nf4 20. Bxf4 exf4 21.
O-O g5 22. Ra4 Rd4 23. Rfa1 Kb8 24. Qc3 Rhd8 25. Rd1 Rxe4 26. c5 1/2-1/2

[Event "Int. Stuttgarter Stadtmeisterschaft C"]
[Site "Ditzingen"]
[Date "2018.05.12"]
[Round "6.8"]
[White "Hennicken, Arnold"]
[Black "Erhardt, Daniel"]
[Result "1-0"]
[WhiteElo "1298"]
[BlackElo "1135"]
[PlyCount "78"]
[EventDate "2018.??.??"]
[WhiteTeam "SF Esch"]
[BlackTeam "Schach-Kids Bernhausen"]

1. d4 d5 2. c4 e6 3. Nf3 Nf6 4. Bg5 Nc6 5. e3 Be7 6. Bd3 dxc4 7. Bxc4 Ne4 8.
Bxe7 Qxe7 9. O-O e5 10. Bd5 Ng5 11. Bxc6+ bxc6 12. Nxe5 Bb7 13. Nd2 O-O 14.
Ndf3 f6 15. Nxg5 fxe5 16. Nf3 c5 17. Qb3+ Qf7 18. Qxb7 Rab8 19. Qe4 exd4 20.
exd4 Rxb2 21. Ng5 Qh5 22. Nf3 Re8 23. Qc6 cxd4 24. Qc4+ Kh8 25. Qxd4 Rc2 26.
Qxa7 h6 27. a4 Qg4 28. Qd4 Re4 29. Qd3 Rce2 30. a5 c5 31. a6 c4 32. Qd8+ Kh7
33. a7 R4e3 34. a8=Q c3 35. Qg8+ Kg6 36. Qb7 Re7 37. Ra6+ Kh5 38. Qbd5+ g5 39.
Qf8 R7e6 1-0

[Event "Int. Stuttgarter Stadtmeisterschaft C"]
[Site "Ditzingen"]
[Date "2018.05.12"]
[Round "6.9"]
[White "Banai, Nilofar"]
[Black "Izquierdo, Antonio"]
[Result "0-1"]
[WhiteElo "1136"]
[BlackElo "1486"]
[PlyCount "62"]
[EventDate "2018.??.??"]
[WhiteTeam "Heilbronner SV"]
[BlackTeam "TSF Ditzingen"]

1. e4 e5 2. d3 Bc5 3. Nf3 d6 4. Nc3 c6 5. h3 Qb6 6. Qe2 Nf6 7. a3 Qa5 8. Be3
Nbd7 9. Bxc5 Qxc5 10. Qd1 d5 11. Be2 Qb6 12. Rb1 d4 13. Na2 Qa5+ 14. Nd2 b5 15.
O-O O-O 16. Nb3 Qb6 17. c3 c5 18. cxd4 cxd4 19. Nd2 Nc5 20. Bf3 Nxd3 21. Nb4
Nf4 22. Nb3 a5 23. Nd3 Nxd3 24. Qxd3 b4 25. axb4 a4 26. Na5 Qxb4 27. Nc6 Qd6
28. Rfc1 Bd7 29. Qc4 Rfc8 30. Bg4 Rxc6 31. Qb5 Rxc1+ 0-1

[Event "Int. Stuttgarter Stadtmeisterschaft C"]
[Site "Ditzingen"]
[Date "2018.05.12"]
[Round "6.10"]
[White "Acar, Lukas"]
[Black "Tzavidas, Nikolaos"]
[Result "0-1"]
[WhiteElo "1079"]
[BlackElo "1349"]
[PlyCount "114"]
[EventDate "2018.??.??"]
[WhiteTeam "SF Birkenfeld"]
[BlackTeam "SC Winnenden"]

1. d4 d5 2. c4 c5 3. e3 e6 4. cxd5 exd5 5. Nf3 Nc6 6. Bb5 a6 7. Ba4 Bg4 8. Nbd2
cxd4 9. Bxc6+ bxc6 10. exd4 Bb4 11. O-O Qf6 12. Qa4 Rb8 13. Ne5 Bd7 14. Ndf3 h6
15. a3 Bd6 16. Re1 Ne7 17. Nxd7 Kxd7 18. Qxa6 Kc7 19. Bd2 Rxb2 20. Ba5+ Kd7 21.
Rxe7+ Qxe7 22. Qa7+ Kc8 23. Qa8+ Rb8 24. Qxc6+ Bc7 25. Rc1 Rb7 26. Qxb7+ Kxb7
27. Rxc7+ Qxc7 28. Bxc7 Kxc7 29. Ne5 f6 30. Nd3 Ra8 31. g4 Rxa3 32. Nc5 Ra1+
33. Kg2 Rd1 34. Kf3 Kd6 35. Ke3 Rh1 36. Kf4 Rxh2 37. f3 Rd2 38. Nb3 Rd3 39. Na5
Kc7 40. Kf5 Kb6 41. Kg6 Rxf3 42. Nb7 Kxb7 43. Kxg7 Kc6 44. Kxh6 Kb5 45. g5 fxg5
46. Kxg5 Kc4 47. Kg4 Rf8 48. Kg5 Kxd4 49. Kg4 Ke4 50. Kg3 d4 51. Kg2 d3 52. Kh3
Rg8 53. Kh4 Kf5 54. Kh3 Kf4 55. Kh2 Kf3 56. Kh1 Kf2 57. Kh2 Rh8# 0-1

[Event "Int. Stuttgarter Stadtmeisterschaft C"]
[Site "Ditzingen"]
[Date "2018.05.12"]
[Round "6.11"]
[White "Hackenberg, Julian"]
[Black "Winterkorn, Nikolaus"]
[Result "0-1"]
[WhiteElo "1196"]
[BlackElo "1335"]
[PlyCount "100"]
[EventDate "2018.??.??"]
[WhiteTeam "SC Magstadt"]
[BlackTeam "DJK Sportbund Stgt."]

1. e4 e5 2. Nf3 d6 3. Nc3 Nf6 4. Be2 Nc6 5. d3 h6 6. O-O Be7 7. Be3 Bg4 8. d4
Bxf3 9. Bxf3 exd4 10. Bxd4 O-O 11. Ne2 Nh7 12. Nf4 Bf6 13. c3 Be5 14. Bxe5 Nxe5
15. Qe2 Qf6 16. Nd5 Qd8 17. Rad1 Ng5 18. Bg4 Nxg4 19. Qxg4 a5 20. Rfe1 Re8 21.
f3 c6 22. Nf4 Qc7 23. b3 Re7 24. h4 Ne6 25. Nxe6 Rxe6 26. c4 a4 27. f4 axb3 28.
axb3 Rae8 29. f5 Rf6 30. Qf4 Qb6+ 31. Qe3 c5 32. g4 h5 33. gxh5 Rxf5 34. Qg3
Rf6 35. e5 dxe5 36. Rxe5 Rxe5 37. Qxe5 Re6 38. Qf5 Qc7 39. Qg4 Qe7 40. Qg3 Re3
41. Qb8+ Kh7 42. Qf4 Rxb3 43. Qf5+ g6 44. hxg6+ fxg6 45. Qc2 Rg3+ 46. Kf1 Rh3
47. Qg2 Rxh4 48. Re1 Qf7+ 49. Kg1 Qd7 50. Qg5 Rg4+ 0-1

[Event "Int. Stuttgarter Stadtmeisterschaft C"]
[Site "Ditzingen"]
[Date "2018.05.12"]
[Round "6.12"]
[White "Esser, Milan"]
[Black "Charalambakis, Michail"]
[Result "0-1"]
[WhiteElo "974"]
[BlackElo "1517"]
[PlyCount "100"]
[EventDate "2018.??.??"]
[WhiteTeam "SV Dettingen Erms"]
[BlackTeam "SV Altbach"]

1. d4 d5 2. c4 e6 3. Nf3 c5 4. cxd5 exd5 5. Nc3 cxd4 6. Nxd4 Nc6 7. g3 Nf6 8.
Bg2 Bc5 9. e3 O-O 10. O-O Re8 11. h3 Ne4 12. Re1 Bd7 13. Nde2 Nf6 14. Nxd5 Nxd5
15. Qxd5 Re5 16. Qd3 Nb4 17. Qc3 Qe7 18. Bxb7 Rd8 19. Bg2 Rc8 20. Bd2 Nd5 21.
Bxd5 Rxd5 22. Qb3 Rxd2 23. Rad1 Rxd1 24. Rxd1 Bxh3 25. Rc1 Bb6 26. Rxc8+ Bxc8
27. a4 Be6 28. Qc2 Qc5 29. Qd1 Qd5 30. Qf1 h6 31. Nf4 Qb3 32. Nxe6 Qxe6 33. Qe1
a5 34. b4 axb4 35. Qxb4 Bd8 36. Qb8 Qb6 37. Qxb6 Bxb6 38. Kf1 g5 39. Ke2 Kg7
40. Kf3 f5 41. Ke2 Kf6 42. f3 h5 43. e4 f4 44. g4 hxg4 45. fxg4 Ke5 46. Kd3 Bd4
47. Kc4 Kxe4 48. Kb5 f3 49. a5 f2 50. a6 f1=Q+ 0-1

[Event "Int. Stuttgarter Stadtmeisterschaft C"]
[Site "Ditzingen"]
[Date "2018.05.12"]
[Round "6.13"]
[White "Drianis, Anton"]
[Black "Ropertz, Benjamin"]
[Result "0-1"]
[WhiteElo "1233"]
[BlackElo "1027"]
[PlyCount "82"]
[EventDate "2018.??.??"]
[WhiteTeam "SK Gerlingen"]
[BlackTeam "TSF Ditzingen"]

1. d4 d5 2. c4 c6 3. Nc3 Nf6 4. Nf3 Bf5 5. Bg5 Nbd7 6. e3 h6 7. Bf4 e6 8. cxd5
cxd5 9. Bd3 Bxd3 10. Qxd3 Bb4 11. O-O O-O 12. Qe2 Nh5 13. a3 Nxf4 14. exf4 Bxc3
15. bxc3 Rc8 16. Rfc1 Nb6 17. a4 Nc4 18. Rab1 b6 19. Rb3 Re8 20. Ne5 Nxe5 21.
fxe5 Rc4 22. Qa2 Qd7 23. Ra3 a6 24. Rb1 Qc6 25. Qb2 Rc8 26. Rc1 Rxa4 27. Rxa4
Qxa4 28. Ra1 Qc4 29. Rc1 b5 30. Ra1 Qxc3 31. Qxc3 Rxc3 32. h3 Rc6 33. Kf1 b4
34. Ke1 Rc4 35. Rxa6 Rxd4 36. Ra8+ Kh7 37. Rb8 Re4+ 38. Kf1 Kg6 39. f3 Rc4 40.
Ke2 Kf5 41. g4+ Kxe5 0-1

[Event "Int. Stuttgarter Stadtmeisterschaft C"]
[Site "Ditzingen"]
[Date "2018.05.12"]
[Round "6.14"]
[White "Hoffmann, Simon"]
[Black "Fischer, Uta"]
[Result "1/2-1/2"]
[WhiteElo "1232"]
[BlackElo "1074"]
[PlyCount "66"]
[EventDate "2018.??.??"]
[WhiteTeam "Schach-Kids Bernhausen"]
[BlackTeam "SC Aidlingen"]

1. e4 e5 2. Nf3 Nc6 3. Bc4 Bc5 4. d3 d6 5. Ng5 Be6 6. Bxe6 fxe6 7. Nxe6 Bxf2+
8. Kxf2 Qf6+ 9. Nf4 exf4 10. Rf1 O-O-O 11. Qg4+ Kb8 12. Qxf4 Qxf4+ 13. Bxf4 h6
14. Bd2 Nge7 15. Nc3 Rhf8+ 16. Kg1 a6 17. a4 Nd4 18. Rfc1 g5 19. b4 Ng6 20. Be3
c5 21. Bxd4 cxd4 22. Ne2 d5 23. Nxd4 Nf4 24. g3 dxe4 25. gxf4 Rxd4 26. dxe4
Rxe4 27. fxg5 Rg4+ 28. Kh1 Rxg5 29. c4 Rf2 30. Rg1 Rf4 31. Rxg5 hxg5 32. Rc1 b6
33. Kg2 Kb7 1/2-1/2

[Event "Int. Stuttgarter Stadtmeisterschaft C"]
[Site "Ditzingen"]
[Date "2018.05.12"]
[Round "6.15"]
[White "Volk, Emil"]
[Black "Oker, Bertil"]
[Result "1-0"]
[WhiteElo "947"]
[BlackElo "1589"]
[PlyCount "87"]
[EventDate "2018.??.??"]
[WhiteTeam "SC Grunbach"]
[BlackTeam "SC Schachmatt Botnang"]

1. e4 b6 2. d4 Bb7 3. Nc3 g6 4. Nf3 Bg7 5. Bc4 e6 6. Bf4 d6 7. O-O Ne7 8. Qe2
Nd7 9. Rad1 O-O 10. h3 Re8 11. Rfe1 Nf8 12. a4 c6 13. e5 d5 14. Ba2 a5 15. g3
Ba6 16. Qe3 Nf5 17. Qd2 b5 18. axb5 cxb5 19. g4 Nh4 20. Nxh4 Qxh4 21. Kg2 Qe7
22. f3 Qc7 23. Bg5 b4 24. Na4 Nd7 25. Nc5 Bb5 26. Nxd7 Bxd7 27. Bf6 Rac8 28.
Rc1 Bf8 29. c3 Qa7 30. h4 bxc3 31. bxc3 h6 32. c4 Kh7 33. c5 h5 34. gxh5 Bh6
35. hxg6+ fxg6 36. f4 Rg8 37. Rc3 Bc6 38. Bb1 Be8 39. h5 Rc7 40. Kh3 Qa6 41.
Rg1 Bg7 42. hxg6+ Kh8 43. f5 Bb5 44. Qh6# 1-0

[Event "Int. Stuttgarter Stadtmeisterschaft C"]
[Site "Ditzingen"]
[Date "2018.05.12"]
[Round "6.17"]
[White "Hoffmann, Julian"]
[Black "Hamar, Dirk"]
[Result "1/2-1/2"]
[WhiteElo "1219"]
[BlackElo "1486"]
[PlyCount "39"]
[EventDate "2018.??.??"]
[WhiteTeam "Schach-Kids Bernhausen"]
[BlackTeam "Karlsruher SF"]

1. d4 Nf6 2. c4 e6 3. Nf3 Bb4+ 4. Bd2 Bxd2+ 5. Nbxd2 d5 6. e3 Nbd7 7. Bd3 c5 8.
b3 O-O 9. Rc1 b6 10. O-O Bb7 11. cxd5 Nxd5 12. Nc4 Ba6 13. Qc2 g6 14. Nfe5 Nb4
15. Qb2 cxd4 16. Rfd1 Nxe5 17. Nxe5 Nxd3 18. Nxd3 Rc8 19. Nb4 Rxc1 20. Rxc1
1/2-1/2